000 00607nam a2200157Ia 4500
003 GCL
008 140319s9999 xx 000 0 ara d
040 _aGCL /
_cGCL
082 0 4 _aق
_b920.072
_bا ذ
100 1 _aالاتحاد النسائى المصرى
245 1 0 _aذكرى فقيدة العروبة حضرة صاحبة العصمة السيدة الجليلة: هدى هانم شعراوى /
_cالاتحاد النسائى المصرى
300 _a240 ص ؛
_c30 سم
650 0 4 _aالسياسة - خطب ومقالات
650 0 4 _aمصر - الاحوال السياسية
942 _2ddc
_cBK
999 _c45924
_d45924